| 000 | 01048nam a2200241Ia 4500 | ||
|---|---|---|---|
| 008 | 130821s2011 ck gr spa | ||
| 020 | _a9789587072013 | ||
| 040 |
_aCO-BoUCM _bspa _cAngélica Rojas _dNuevo |
||
| 041 | 0 | 0 | _aspa |
| 100 | 1 |
_aBelalcázar Erazo, Edison Andrés _942164 |
|
| 245 | 1 | 0 |
_aDerecho de las personas jurídicas sin ánimo de lucro ONG, Asociaciones, corporaciones, fundaciones, clubes sociales _cEdison Andrés Belalcázar Erazo, Luis Hernado Riascos Narváez |
| 260 |
_aBogotá (Colombia) _bLibreria ediciones del profesional _c2011 |
||
| 300 | _axxviii, 229 páginas | ||
| 504 | _aIncluye referencias bibliográficas | ||
| 610 |
_aOrganización No Gubernamental. ONG _93677 |
||
| 650 | 7 |
_aAsociaciones _xLegislación _930073 |
|
| 650 | 7 |
_aDerecho privado _9437 |
|
| 650 | 7 |
_aOrganizaciones sin animo de lucro _xLegislación _920872 |
|
| 650 | 7 |
_aPersonas jurídicas _921447 |
|
| 700 | 1 |
_aRiascos Narváez, Luis Hernado _942165 |
|
| 942 |
_cLIBRO _a8 _e1 _mB425d _2DEWEY _h346.064 |
||
| 999 |
_c72754 _d72754 |
||